02117cam a22003135a 450000100090000000300090000900500170001800800410003502000300007604000380010608200210014410000370016524500840020226400690028630000500035533600260040533700280043133800270045950400520048652009430053865000510148165000500153265100100158265300220159265500240161494200120163899900170165095201360166718301911EG-ScBUE20220829101653.0140915s2015 nyua f b 001 0 eng d a9780415702263 (paperback) aDLCbengerdacDLCdDLCdEG-ScBUE04a720.284bGOR2221 aGorski, Gilbert,eauthor.93982910aHybrid drawing techniques :bdesign process and presentation /cGilbert Gorski. 1aNew York ;aLondon :bRoutledge Taylor and Francis Group,c2015. axi, 245 pages :bcolor illustrations ;c28 cm 2rdacontentatextbtxt 2rdamediaaunmediatedbn 2rdacarrieravolumebnc aIncludes bibliographical references and index.  a"Learn to integrate traditional hand-drawing with digital techniques to expand your creative process. Hybrid Drawing has step-by-step demonstrations from a many different artists, architects, and students to show you how to exploit the strengths of each approach while compensating for any limitations. First you'll learn hand-sketching, perspective drawing, and the pros and cons of freehand drawings versus hardline, or computer, drawings. Next you'll cover the basics of creating drawings in CAD, 3D modeling software, and Photoshop, and learn methods to organize tools, store files, and print. After you've covered hybrid perspective drawings in-depth, advanced concepts, such as how to compose an image, how to use color, and how to include reflected light will give your drawings a professional polish. A companion website has copyright-free images for download, such as tonal patterns, watercolor fields, people, trees, and skies." 7aArchitectural drawingxData processing.2BUEsh 791201aArchitectural drawingxTechnique2BUEsh 2BUEsh bENGARCcApril2016 vReading book934232 2ddccBB c21631d21603 00102ddc40708AlahramaMAINbMAINc2NDd2016-04-17ePurchaseg559.00l0o720.284 GORp000032338r2025-07-15 00:00:00v698.75yBB